| 000 | 00441nam a22001577a 4500 | ||
|---|---|---|---|
| 005 | 20241114105247.0 | ||
| 008 | 241114b |||||||| |||| 00| 0 eng d | ||
| 020 | _a9780534394134 | ||
| 050 |
_aQA303 _bTAN |
||
| 100 | _aTAN, T. S. | ||
| 245 | _aSTUDENTS SOLUTIONS MANUAL FOR TAN'S CALCULUS FOR THE MANAGERIAL, LIFE AND SOCIAL SCIENCES | ||
| 250 | _a6TH | ||
| 260 |
_aAUSTRALIA _bBROOKS _cc2003 |
||
| 300 |
_a343p _bill.; |
||
| 942 |
_2lcc _cBK _n0 |
||
| 999 |
_c1174 _d1174 |
||